000 01417nam a22002897a 4500
999 _c65936
_d65936
005 20240530110850.0
008 200912s2019 ua a f b 000 0dara d
017 _a2018/10323
_bمصر. دار الكتب
020 _a9789772123612
040 _aEG-CaGPL
_cEG-CaGPL
082 0 4 _221
_a953.082\
_bق/ع ع
100 0 _aعبدالعظيم السيد مرسى ابوالعلا
245 1 2 _aالعلاقات بين المماليك البحرية ومغول القبيلة الذهبية :
_b( 654 هـ / 1256 م ) ( 756 هـ / 1355 م ) : الظاهر بيبرس ومغول القفجاق - تبادل السفارات الودية المصاهرة والزواج - التحالف بين مغول فارس وسلطنة المماليك /
_cعبدالعظيم السيد مرسى ابوالعلا
250 _aط.1
260 _aالاسكندرية :
_bمؤسسة شباب الجامعة ،
_c2019
300 _a291 ص. ؛
_c24 سم.
504 _aيشتمل على ارجاعات ببليوجرافية
600 0 _aالظاهر بيبرس
650 0 7 _aالمغول
_2qrmak
650 0 7 _aالمغول والتتار
_2qrmak
650 0 7 _aالمغول
_xتاريخ
_2qrmak
651 0 7 _2qrmak
_aدولة المماليك البحرية
651 0 7 _aالمماليك البحرية
651 0 7 _aالدولة الودية
942 _2ddc
_cBK